[Event "XXXVII Olimpiadi femminile"]
[Site "Torino ITA"]
[Date "2006.05.31"]
[Round "10.1"]
[White "Al Rufaye, Iman Hasan Mohammed"]
[Black "Connolly, Suzanne"]
[Result "1-0"]
[WhiteElo "2118"]
[BlackElo "2027"]
[Annotator "IRQ-IRL"]
[PlyCount "107"]
[EventDate "2006.05.21"]

1. e4 c6 2. d4 d5 3. exd5 cxd5 4. Bd3 Nc6 5. c3 Nf6 6. Bf4 Bg4 7. Qb3 Qd7 8.
Nd2 e6 9. Ngf3 Bxf3 10. Nxf3 Bd6 11. Bxd6 Qxd6 12. Qxb7 Rb8 13. Qa6 O-O 14. Bb5
Rb6 15. Qa4 Ne7 16. b3 Ne4 17. Bd3 Nxc3 18. Qxa7 Qb4 19. a3 Qd6 20. b4 Rfb8 21.
Qa5 Nb5 22. Bxb5 Rxb5 23. Qa4 Nf5 24. O-O Qf4 25. Rac1 g5 26. Qd1 h6 27. h3 g4
28. hxg4 Qxg4 29. Rc7 Nd6 30. Ne5 Qxd1 31. Rxd1 R5b7 32. Rxb7 Rxb7 33. Ra1 Nb5
34. Nf3 Ra7 35. a4 Nc3 36. a5 Kf8 37. Kf1 f6 38. Ke1 Ke7 39. Kd2 Nb5 40. Rc1
Kd7 41. Rh1 Nd6 42. Rxh6 Kc6 43. Kc3 Ne4+ 44. Kb3 Rc7 45. Rh8 Kb7 46. b5 Rc3+
47. Kb2 Rc4 48. Rh7+ Kb8 49. b6 Ra4 50. Ra7 Nd6 51. Kb3 Ra1 52. Kb4 Rc1 53. Re7
Rc4+ 54. Kb3 1-0

[Event "XXXVII Olimpiadi femminile"]
[Site "Torino ITA"]
[Date "2006.05.31"]
[Round "10.2"]
[White "Quinn, Deborah"]
[Black "Ibraheem, Delbak Ismael Ibraheem"]
[Result "1-0"]
[WhiteElo "1813"]
[BlackElo "1897"]
[Annotator "IRQ-IRL"]
[PlyCount "81"]
[EventDate "2006.05.21"]

1. e4 c5 2. Nc3 e6 3. g3 Ne7 4. Bg2 Nbc6 5. d3 g6 6. Be3 d6 7. Qd2 Nd4 8. Nce2
Nec6 9. c3 Nxe2 10. Nxe2 Bg7 11. Bh6 O-O 12. h4 d5 13. Bxg7 Kxg7 14. h5 g5 15.
h6+ Kg8 16. f4 dxe4 17. Bxe4 f5 18. Bxc6 bxc6 19. fxg5 Qd5 20. O-O-O Qxa2 21.
Qf4 Rf7 22. Qc4 Qxc4 23. dxc4 Ba6 24. b3 Rb8 25. Kc2 Rfb7 26. Ra1 Rb6 27. Rhd1
Rxb3 28. Rxa6 Rb2+ 29. Kc1 Rb1+ 30. Kd2 Rd8+ 31. Nd4 Rxd1+ 32. Kxd1 cxd4 33.
Rxa7 dxc3+ 34. Kc2 Rd2+ 35. Kxc3 Rg2 36. Rg7+ Kf8 37. Kd4 Rxg3 38. Ke5 Rg4 39.
Kf6 f4 40. Rxh7 f3 41. Rh8# 1-0

[Event "XXXVII Olimpiadi femminile"]
[Site "Torino ITA"]
[Date "2006.05.31"]
[Round "10.1"]
[White "Toubal, Wissan"]
[Black "Perez, Eneida"]
[Result "0-1"]
[WhiteElo "1963"]
[BlackElo "2110"]
[Annotator "ALG-DOM"]
[PlyCount "58"]
[EventDate "2006.05.21"]

1. d4 d5 2. c4 e6 3. Nc3 f5 4. Nf3 c6 5. e3 Bd6 6. Bd3 Nf6 7. O-O O-O 8. b3 Ne4
9. Bb2 Nd7 10. Qe2 Rf6 11. g3 Rh6 12. c5 Bc7 13. b4 g5 14. Ne1 Ndf6 15. Kg2 g4
16. Rh1 Qe8 17. f4 gxf3+ 18. Nxf3 Ng4 19. Bxe4 dxe4 20. Nd2 Qg6 21. Nf1 Bd7 22.
Nd1 Rf8 23. Nf2 Nf6 24. Bc3 Nd5 25. Bd2 e5 26. dxe5 Bxe5 27. Rd1 Be8 28. Nh3
Qg7 29. Qf2 Bh5 0-1

[Event "XXXVII Olimpiadi femminile"]
[Site "Torino ITA"]
[Date "2006.05.31"]
[Round "10.3"]
[White "Moodliar, Suvania"]
[Black "Ikpa Glewis, Pauline Tresa"]
[Result "1/2-1/2"]
[WhiteElo "1859"]
[BlackElo "1969"]
[Annotator "RSA-NGR"]
[PlyCount "46"]
[EventDate "2006.05.21"]

1. d4 Nf6 2. c4 g6 3. Nc3 d5 4. Bf4 Bg7 5. Nf3 dxc4 6. e3 O-O 7. Bxc4 c5 8.
dxc5 Qa5 9. O-O Qxc5 10. Bb3 Nc6 11. Rc1 Qa5 12. h3 Bf5 13. Qe2 Ne4 14. Nxe4
Bxe4 15. Ng5 Bd5 16. Bxd5 Qxd5 17. b3 Qa5 18. Nf3 Rfd8 19. Rfd1 a6 20. a4 Rxd1+
21. Rxd1 Rd8 22. Rxd8+ Qxd8 23. Qc4 h6 1/2-1/2

[Event "XXXVII Olimpiadi femminile"]
[Site "Torino ITA"]
[Date "2006.05.31"]
[Round "10.1"]
[White "Basem-Hassan, Miriam"]
[Black "Mansour, Mariam"]
[Result "1-0"]
[WhiteElo "2028"]
[BlackElo "1838"]
[Annotator "PUR-UAE"]
[PlyCount "93"]
[EventDate "2006.05.21"]

1. e4 c5 2. Nf3 d6 3. d4 cxd4 4. Nxd4 Nf6 5. Nc3 e6 6. Be3 a6 7. Be2 Qc7 8. O-O
Be7 9. f4 Nbd7 10. Qe1 O-O 11. Qg3 Re8 12. Rad1 b5 13. a3 Bb7 14. Bf3 Nc5 15.
e5 Nfe4 16. Nxe4 Nxe4 17. Bxe4 Bxe4 18. f5 exf5 19. Nxf5 Bxf5 20. exd6 Bxd6 21.
Rxd6 Qxc2 22. Rd2 Qe4 23. Bd4 Bg6 24. Bc3 Qe3+ 25. Qxe3 Rxe3 26. Rfd1 Ree8 27.
Rd7 h6 28. Kf2 Kh7 29. R1d6 Re4 30. h3 Rf4+ 31. Kg3 Re4 32. Rb6 Kg8 33. Rdd6
Re3+ 34. Kf2 Rd3 35. Rxd3 Bxd3 36. Ke3 Bc4 37. Rd6 Kf8 38. Kf4 f6 39. g4 Kf7
40. Rd7+ Kg6 41. h4 Be6 42. h5+ Kh7 43. Re7 Bc4 44. Bxf6 Kg8 45. Rxg7+ Kf8 46.
Rh7 a5 47. Rh8+ 1-0

[Event "XXXVII Olimpiadi femminile"]
[Site "Torino ITA"]
[Date "2006.05.31"]
[Round "10.2"]
[White "Ebtissam, Mohamed"]
[Black "Martinez, Natiska"]
[Result "0-1"]
[WhiteElo "1797"]
[BlackElo "2050"]
[Annotator "PUR-UAE"]
[PlyCount "48"]
[EventDate "2006.05.21"]

1. e4 c5 2. Nf3 Nc6 3. d4 cxd4 4. Nxd4 e5 5. Nf3 d6 6. Nc3 Be7 7. Be3 f5 8.
exf5 Bxf5 9. Nd5 Nf6 10. Nxe7 Qxe7 11. a3 a5 12. Bb5 O-O 13. O-O h6 14. Nh4 Bh7
15. c3 e4 16. Bc4+ Kh8 17. f4 exf3 18. Qxf3 Ne5 19. Qe2 Nxc4 20. Qxc4 Qxe3+ 21.
Kh1 Ne4 22. Qb3 Nf2+ 23. Kg1 Nh3+ 24. Kh1 Qg1+ 0-1

[Event "XXXVII Olimpiadi femminile"]
[Site "Torino ITA"]
[Date "2006.05.31"]
[Round "10.1"]
[White "Nakagawa, Emiko"]
[Black "Martinez Porras, Ingrid Lorena"]
[Result "0-1"]
[WhiteElo "1944"]
[BlackElo "1911"]
[Annotator "JPN-GUA"]
[PlyCount "84"]
[EventDate "2006.05.21"]

1. d4 Nf6 2. c4 c5 3. d5 b5 4. cxb5 a6 5. bxa6 Bxa6 6. f3 d6 7. e4 Bxf1 8. Kxf1
g6 9. Be3 Bg7 10. Qd2 Nbd7 11. Bh6 O-O 12. Bxg7 Kxg7 13. Ne2 Qb6 14. Kf2 Rfb8
15. Rc1 Qxb2 16. Qxb2 Rxb2 17. Nbc3 Ne5 18. Rcb1 Rbb8 19. Rxb8 Rxb8 20. Rb1
Rxb1 21. Nxb1 Kf8 22. Nec3 Ke8 23. Ke2 Kd8 24. Nd2 Kc7 25. Ke3 Ned7 26. Nc4 Nb6
27. Kd3 Nfd7 28. Nxb6 Kxb6 29. f4 Ka5 30. Kc4 Nb6+ 31. Kb3 c4+ 32. Ka3 Nd7 33.
g3 Nc5 34. e5 Nd3 35. exd6 exd6 36. Ne4 Kb5 37. Nxd6+ Kc5 38. Nxf7 Kxd5 39. Ne5
Kd4 40. Nxd3 Kxd3 41. Kb2 Kd2 42. a4 c3+ 0-1

[Event "XXXVII Olimpiadi femminile"]
[Site "Torino ITA"]
[Date "2006.06.02"]
[Round "11.3"]
[White "Velcheva, Maria"]
[Black "Gaponenko, Inna"]
[Result "0-1"]
[WhiteElo "2279"]
[BlackElo "2430"]
[Annotator "BUL-UKR"]
[PlyCount "88"]
[EventDate "2006.05.21"]

1. e4 c5 2. Nf3 Nc6 3. d4 cxd4 4. Nxd4 e5 5. Nb5 a6 6. Nd6+ Bxd6 7. Qxd6 Qf6 8.
Qd2 Nge7 9. c4 d6 10. Bd3 O-O 11. O-O Qg6 12. Nc3 f5 13. f3 f4 14. Nd5 Qh5 15.
Nb6 Rb8 16. Nxc8 Rbxc8 17. b4 Rf6 18. Bb2 Rh6 19. h3 Qg5 20. Kh1 Ng6 21. Rfd1
Nh4 22. Bf1 Rg6 23. Qf2 Nxb4 24. Ba3 Nc6 25. Rxd6 Rxd6 26. Bxd6 Ng6 27. Rb1 Qd8
28. c5 Qd7 29. Bc4+ Kh8 30. a4 Na5 31. Bd5 Qxa4 32. Bxb7 Nxb7 33. Rxb7 h6 34.
Rb1 Qc4 35. Qb2 Re8 36. Rc1 Qd3 37. Qc3 Qxc3 38. Rxc3 Kg8 39. c6 Kf7 40. c7 Rc8
41. Ra3 Ke6 42. Rxa6 Nh8 43. Bb4+ Kd7 44. Rg6 Nxg6 0-1

[Event "XXXVII Olimpiadi femminile"]
[Site "Torino ITA"]
[Date "2006.06.02"]
[Round "11.2"]
[White "Kosintseva, Tatiana"]
[Black "Javakhishvili, Lela"]
[Result "1/2-1/2"]
[WhiteElo "2489"]
[BlackElo "2410"]
[Annotator "GEO-RUS"]
[PlyCount "105"]
[EventDate "2006.05.21"]

1. e4 c5 2. Nf3 e6 3. d4 cxd4 4. Nxd4 a6 5. Bd3 Bc5 6. Nb3 Ba7 7. Qe2 Nc6 8.
Be3 d6 9. f4 Nf6 10. Bxa7 Rxa7 11. Nc3 b5 12. O-O-O b4 13. Na4 Qc7 14. g4 g6
15. g5 Nh5 16. Qe3 Rb7 17. Bxa6 Ra7 18. Bb5 Rb7 19. Be2 Bd7 20. Bxh5 gxh5 21.
e5 d5 22. Nac5 Ra7 23. Kb1 Na5 24. Nxd7 Kxd7 25. f5 Nxb3 26. Qxb3 Qxe5 27.
fxe6+ fxe6 28. Rhf1 Kc6 29. Rde1 Qd6 30. c4 Re8 31. Rd1 d4 32. c5 Qd5 33. Qxb4
Qxa2+ 34. Kc2 Qa4+ 35. Qxa4+ Rxa4 36. Kb3 Kb5 37. Rf7 Rb4+ 38. Kc2 Rc8 39. Rb7+
Kxc5 40. Rxh7 Rcb8 41. g6 Rxb2+ 42. Kd3 R8b3+ 43. Ke4 Re3+ 44. Kf4 e5+ 45. Kf5
Rf2+ 46. Ke6 Rg2 47. Rc1+ Kb5 48. Kd5 Rxg6 49. Rb1+ Ka6 50. Ra1+ Kb6 51. Rb1+
Ka6 52. Ra1+ Kb6 53. Rb1+ 1/2-1/2

[Event "XXXVII Olimpiadi femminile"]
[Site "Torino ITA"]
[Date "2006.06.02"]
[Round "11.3"]
[White "Hou, Yifan"]
[Black "Fakhiridou, Ekaterini"]
[Result "1-0"]
[WhiteElo "2298"]
[BlackElo "2292"]
[Annotator "CHN-GRE"]
[PlyCount "71"]
[EventDate "2006.05.21"]

1. e4 c5 2. Nf3 d6 3. d4 cxd4 4. Nxd4 Nf6 5. Nc3 a6 6. f4 e5 7. Nf3 Nbd7 8. a4
Be7 9. Bd3 O-O 10. O-O exf4 11. Bxf4 Nc5 12. Kh1 Bg4 13. Be3 Rc8 14. Qd2 Bh5
15. Nd4 Bg6 16. Nf5 Bxf5 17. Rxf5 g6 18. Rf3 Ng4 19. Nd5 Nxe3 20. Qxe3 Bg5 21.
Qd4 Nd7 22. Raf1 Ne5 23. Rg3 f6 24. c3 Kg7 25. Bc2 Rc4 26. Qd1 h5 27. h4 Bxh4
28. Nf4 Bxg3 29. Ne6+ Kh7 30. Nxd8 Rxd8 31. Rxf6 Kg7 32. Rf1 d5 33. Qd2 Rd6 34.
Qg5 Ng4 35. Qe7+ Kh6 36. Rf7 1-0

[Event "XXXVII Olimpiadi femminile"]
[Site "Torino ITA"]
[Date "2006.06.02"]
[Round "11.2"]
[White "Foisor, Cristina-Adela"]
[Black "Harika, Dronavalli"]
[Result "1/2-1/2"]
[WhiteElo "2392"]
[BlackElo "2358"]
[Annotator "IND-ROU"]
[PlyCount "91"]
[EventDate "2006.05.21"]

1. c4 c5 2. g3 g6 3. Bg2 Bg7 4. Nc3 Nc6 5. d3 d6 6. a3 a5 7. Nf3 e5 8. Nd2 Nge7
9. Nf1 O-O 10. Ne3 Rb8 11. Rb1 Be6 12. Ned5 Qd7 13. h4 h5 14. Qa4 Qd8 15. Bd2
Kh7 16. e3 Bd7 17. Qd1 Nxd5 18. Bxd5 Ne7 19. Bf3 Bc6 20. e4 f5 21. b4 axb4 22.
axb4 cxb4 23. Rxb4 Qe8 24. O-O Qf7 25. Bg2 f4 26. Bh3 Ng8 27. Nd5 Bd7 28. Bxd7
Qxd7 29. Qf3 Nf6 30. Nxf6+ Rxf6 31. Rfb1 Bh6 32. R4b2 Rf7 33. Qg2 Qg4 34. f3
Qxg3 35. Qxg3 fxg3 36. Bxh6 Kxh6 37. Kg2 g5 38. hxg5+ Kxg5 39. Kxg3 h4+ 40. Kf2
Rbf8 41. Rg1+ Kh5 42. Ke2 Rxf3 43. Rxb7 R3f7 44. Rxf7 Rxf7 45. Rg8 h3 46. Ke3
1/2-1/2

[Event "XXXVII Olimpiadi femminile"]
[Site "Torino ITA"]
[Date "2006.06.02"]
[Round "11.1"]
[White "Skripchenko, Almira"]
[Black "Mkrtchian, Lilit"]
[Result "1/2-1/2"]
[WhiteElo "2423"]
[BlackElo "2453"]
[Annotator "FRA-ARM"]
[PlyCount "31"]
[EventDate "2006.05.21"]

1. e4 e5 2. Nf3 Nc6 3. Bb5 a6 4. Bxc6 dxc6 5. O-O f6 6. d4 Bg4 7. c3 Bd6 8. Be3
Ne7 9. Nbd2 Ng6 10. Qb3 Qc8 11. dxe5 Be6 12. Nc4 b5 13. Nxd6+ cxd6 14. Qd1 dxe5
15. Nd2 O-O 16. Nb3 1/2-1/2

[Event "XXXVII Olimpiadi femminile"]
[Site "Torino ITA"]
[Date "2006.06.02"]
[Round "11.2"]
[White "Danielian, Elina"]
[Black "Milliet, Sophie"]
[Result "1/2-1/2"]
[WhiteElo "2422"]
[BlackElo "2330"]
[Annotator "FRA-ARM"]
[PlyCount "125"]
[EventDate "2006.05.21"]

1. Nf3 d5 2. e3 Nf6 3. c4 c6 4. Nc3 a6 5. b3 Bg4 6. Be2 e6 7. Bb2 Nbd7 8. d3
Bd6 9. h3 Bxf3 10. Bxf3 O-O 11. O-O b5 12. Rc1 Qe7 13. cxd5 cxd5 14. Rc2 Rac8
15. Ne2 e5 16. g3 Nb6 17. Bg2 Ba3 18. Bc3 Nfd7 19. f4 exf4 20. Nxf4 Bc5 21. Kh2
Qg5 22. h4 Qh6 23. Nxd5 Nxd5 24. Bxd5 Bd6 25. Kh3 b4 26. Bd4 Rxc2 27. Qxc2 Bxg3
28. Kxg3 Qd6+ 29. Kh3 Qxd5 30. Qg2 Qxg2+ 31. Kxg2 Rc8 32. Rf5 Kf8 33. Ra5 Rc6
34. Ra4 Nc5 35. Rxb4 Nxd3 36. Rb8+ Ke7 37. Kf3 g6 38. Ke4 Nc1 39. a4 Ke6 40. b4
f5+ 41. Kf3 Nb3 42. Bh8 Nd2+ 43. Ke2 Ne4 44. Kd3 Rd6+ 45. Bd4 h5 46. b5 axb5
47. axb5 Kd5 48. Rc8 Rd7 49. Rc6 Rb7 50. Rxg6 Rxb5 51. Rh6 Ng3 52. Rh8 Rb3+ 53.
Kc2 Ra3 54. Rg8 Ne4 55. Re8 Ra2+ 56. Kb3 Rh2 57. Re5+ Kd6 58. Rxf5 Rxh4 59. Kc4
Ke6 60. Re5+ Kf7 61. Kd5 Nf6+ 62. Kc6 Re4 63. Rxe4 1/2-1/2

[Event "XXXVII Olimpiadi femminile"]
[Site "Torino ITA"]
[Date "2006.06.02"]
[Round "11.3"]
[White "Lallemand, Roza"]
[Black "Aginian, Nelly"]
[Result "1/2-1/2"]
[WhiteElo "2243"]
[BlackElo "2332"]
[Annotator "FRA-ARM"]
[PlyCount "178"]
[EventDate "2006.05.21"]

1. e4 e6 2. d4 d5 3. Nc3 Nf6 4. e5 Nfd7 5. f4 c5 6. Nf3 Nc6 7. Be3 a6 8. Qd2 b5
9. dxc5 Bxc5 10. Bxc5 Nxc5 11. Qf2 Qb6 12. Bd3 b4 13. Ne2 a5 14. O-O Ba6 15.
Kh1 Ne7 16. Ng3 Na4 17. Qxb6 Nxb6 18. Nd4 O-O 19. Nge2 Rfc8 20. Bxa6 Rxa6 21.
a3 Raa8 22. axb4 axb4 23. b3 Nd7 24. g3 Nc5 25. Kg2 Ne4 26. Rfd1 g6 27. g4 Kf8
28. Rf1 Ke8 29. Rxa8 Rxa8 30. Ng3 Nxg3 31. hxg3 Ra2 32. Kf3 Kd7 33. Rh1 Nc6 34.
Nxc6 Kxc6 35. Rh2 Kc5 36. Ke3 Ra1 37. Rxh7 Re1+ 38. Kd2 Rg1 39. Rxf7 Kd4 40. g5
Rxg3 41. Rb7 Rg2+ 42. Kc1 Kc3 43. Rc7+ Kd4 44. Rc6 Ke4 45. Rxe6 Kxf4 46. Rxg6
Rxg5 47. Rb6 Kxe5 48. Rxb4 Kd6 49. Rf4 Kc5 50. b4+ Kb5 51. Kb2 Rh5 52. Kb3 Rg5
53. c3 Rh5 54. Rf8 Rh2 55. Rf5 Kc6 56. Rf6+ Kb5 57. Rf8 Kc6 58. Rc8+ Kb6 59.
Rc5 Rd2 60. Ra5 Kc6 61. Ra2 Rd3 62. Ra6+ Kc7 63. Kc2 Rh3 64. Ra5 Kc6 65. Rc5+
Kd6 66. Kb2 Rg3 67. Rc8 Kd7 68. Ra8 Kc6 69. Rd8 Rd3 70. Kc2 Rh3 71. Rg8 Kc7 72.
Rg6 Rf3 73. b5 Rh3 74. b6+ Kb7 75. Rd6 Rg3 76. Kb3 d4 77. Rxd4 Kxb6 78. Kb4 Kc6
79. Rh4 Rg6 80. c4 Kb6 81. Rh5 Rf6 82. Rb5+ Kc6 83. Ra5 Kb6 84. c5+ Kb7 85. Kb5
Kc7 86. Ra7+ Kc8 87. Rh7 Rg6 88. Rf7 Rh6 89. c6 Rh1 1/2-1/2

[Event "XXXVII Olimpiadi femminile"]
[Site "Torino ITA"]
[Date "2006.06.02"]
[Round "11.1"]
[White "Hoang, Thanh Trang"]
[Black "Medic, Mirjana"]
[Result "1-0"]
[WhiteElo "2487"]
[BlackElo "2239"]
[Annotator "HUN-CRO"]
[PlyCount "97"]
[EventDate "2006.05.21"]

1. d4 e6 2. c4 Nf6 3. Nc3 Bb4 4. Qc2 O-O 5. a3 Bxc3+ 6. Qxc3 b6 7. Bg5 Bb7 8.
f3 h6 9. Bh4 d6 10. e4 c5 11. dxc5 bxc5 12. Bd3 Nbd7 13. Ne2 a5 14. O-O Ra6 15.
Rfd1 a4 16. Qc2 Qa8 17. Nc3 Rc8 18. Bf1 Ne8 19. Nb5 Nf8 20. Rd2 e5 21. Qd1 Ng6
22. Bf2 Rcc6 23. Bd3 Bc8 24. Bc2 Bd7 25. Qf1 Nf8 26. Nc3 Nc7 27. Rad1 Nce6 28.
Nd5 Qd8 29. Be3 Rc8 30. f4 Nd4 31. Rf2 Be6 32. Nc3 Rca8 33. f5 Bd7 34. f6 Be6
35. Bb1 Nh7 36. fxg7 Kxg7 37. Nd5 R6a7 38. Rd3 Qh4 39. Bd2 Rg8 40. Rg3+ Ng5 41.
Nf6 Rh8 42. Be1 Kf8 43. Rc3 Rg8 44. Nxg8 Kxg8 45. Rxf7 Rxf7 46. Bxh4 Rxf1+ 47.
Kxf1 Nf7 48. Rg3+ Kf8 49. Bd3 1-0

[Event "XXXVII Olimpiadi femminile"]
[Site "Torino ITA"]
[Date "2006.06.02"]
[Round "11.2"]
[White "Stock, Lara"]
[Black "Madl, Ildiko"]
[Result "1/2-1/2"]
[WhiteElo "2200"]
[BlackElo "2387"]
[Annotator "HUN-CRO"]
[PlyCount "51"]
[EventDate "2006.05.21"]

1. e4 c5 2. Nf3 Nc6 3. d4 cxd4 4. Nxd4 Qb6 5. Nb3 Nf6 6. Nc3 e6 7. Be3 Qc7 8.
Nb5 Qb8 9. Bd3 a6 10. N5d4 Nxd4 11. Bxd4 e5 12. Bc3 Be7 13. O-O d6 14. Kh1 O-O
15. f4 b5 16. Qf3 Ra7 17. fxe5 dxe5 18. Qg3 Nd7 19. a4 b4 20. Bd2 Kh8 21. Rf3
Rc7 22. Raf1 f6 23. Be3 Re8 24. Rf5 Nf8 25. R5f2 Ne6 26. Rd2 1/2-1/2

[Event "XXXVII Olimpiadi femminile"]
[Site "Torino ITA"]
[Date "2006.06.02"]
[Round "11.3"]
[White "Vajda, Szidonia"]
[Black "Macek, Vlasta"]
[Result "1/2-1/2"]
[WhiteElo "2403"]
[BlackElo "2243"]
[Annotator "HUN-CRO"]
[PlyCount "60"]
[EventDate "2006.05.21"]

1. e4 e6 2. d4 d5 3. exd5 exd5 4. Nf3 Nf6 5. c4 Bb4+ 6. Nc3 O-O 7. Be2 dxc4 8.
O-O Nbd7 9. Bxc4 Nb6 10. Bb3 Bg4 11. h3 Bh5 12. a3 Bd6 13. Bg5 h6 14. Be3 c6
15. g4 Bg6 16. Ne5 Bh7 17. Qf3 Nfd5 18. Rad1 Be7 19. Bc1 Bg5 20. Qg3 Bxc1 21.
Rxc1 Qd6 22. f4 f6 23. Nc4 Nxc4 24. Bxc4 Kh8 25. Bxd5 cxd5 26. Qf3 Rad8 27.
Rce1 Qb6 28. Rf2 Qxd4 29. Rd1 Qc5 30. Rxd5 Rxd5 1/2-1/2

[Event "XXXVII Olimpiadi femminile"]
[Site "Torino ITA"]
[Date "2006.06.02"]
[Round "11.2"]
[White "Rogule, Laura"]
[Black "Zawadzka, Jolanta"]
[Result "1/2-1/2"]
[WhiteElo "2309"]
[BlackElo "2389"]
[Annotator "POL-LAT"]
[PlyCount "89"]
[EventDate "2006.05.21"]

1. e4 c5 2. Nc3 Nc6 3. g3 g6 4. Bg2 Bg7 5. d3 d6 6. Be3 Rb8 7. Qd2 b5 8. Nge2
b4 9. Nd1 e6 10. O-O Nd4 11. Nc1 Qb6 12. a3 a5 13. axb4 axb4 14. c3 bxc3 15.
bxc3 Nc6 16. Ra2 Bb7 17. Nb2 Nge7 18. Na4 Qc7 19. d4 cxd4 20. cxd4 Ba6 21. Rd1
O-O 22. Bh6 Rfc8 23. Bxg7 Kxg7 24. Ra3 Nb4 25. Nc3 Bc4 26. d5 e5 27. Bh3 Rf8
28. Bf1 Ra8 29. Nb5 Bxb5 30. Qxb4 Bxf1 31. Rxf1 Rxa3 32. Qxa3 f5 33. Nd3 fxe4
34. Nxe5 Nxd5 35. Ng4 h5 36. Ne3 Nxe3 37. Qxe3 Qe7 38. Qd4+ Kh7 39. Ra1 Qf6 40.
Ra7+ Kg8 41. Qd5+ Kh8 42. Qd2 Kg8 43. Qd5+ Kh8 44. Qd2 Kg8 45. Qd5+ 1/2-1/2

[Event "XXXVII Olimpiadi femminile"]
[Site "Torino ITA"]
[Date "2006.06.02"]
[Round "11.3"]
[White "Przezdziecka, Marta"]
[Black "Berzina, Ilze"]
[Result "0-1"]
[WhiteElo "2265"]
[BlackElo "2278"]
[Annotator "POL-LAT"]
[PlyCount "64"]
[EventDate "2006.05.21"]

1. d4 d5 2. Nf3 Nf6 3. c4 e6 4. Bg5 Bb4+ 5. Nc3 dxc4 6. e4 c5 7. e5 cxd4 8.
Qa4+ Nc6 9. O-O-O Bd7 10. Ne4 Be7 11. exf6 gxf6 12. Bh6 f5 13. Ng3 Nb4 14. Qa3
Nd3+ 15. Rxd3 Bxa3 16. Rxa3 Bc6 17. Nh5 Bxf3 18. Rxf3 Qa5 19. Bxc4 Rc8 20. Kb1
Rxc4 21. Ra3 Qe5 22. Rxa7 f4 23. Bg7 Qxh5 24. Bxh8 Qg6+ 25. Ka1 Qxg2 26. Rd1
Qxf2 27. Rxb7 Qc2 28. Rb1 d3 29. Bf6 d2 30. Rb8+ Kd7 31. Rd8+ Kc7 32. a3 f3 0-1

[Event "XXXVII Olimpiadi femminile"]
[Site "Torino ITA"]
[Date "2006.06.02"]
[Round "11.1"]
[White "Peng, Zhao Qin"]
[Black "Nguyen, Thi Thanh An"]
[Result "1-0"]
[WhiteElo "2395"]
[BlackElo "2317"]
[Annotator "NED-VIE"]
[PlyCount "115"]
[EventDate "2006.05.21"]

1. d4 Nf6 2. c4 g6 3. Nc3 Bg7 4. e4 d6 5. Be2 O-O 6. Bg5 Na6 7. h4 e5 8. d5 h6
9. Be3 Nc5 10. Qc2 c6 11. h5 cxd5 12. cxd5 g5 13. f3 Bd7 14. g4 Nh7 15. b4 Na6
16. Qb3 Qf6 17. Nh3 Rfc8 18. O-O Bf8 19. a4 Nc7 20. Nf2 Ne8 21. Kg2 Be7 22.
Rfc1 Bd8 23. a5 Qe7 24. Nb5 Rxc1 25. Rxc1 Bxb5 26. Bxb5 Ng7 27. Rc3 Nf6 28. Qc2
Kh7 29. Nh1 a6 30. Ba4 Rb8 31. Rc8 Rxc8 32. Qxc8 Qc7 33. Qxc7 Bxc7 34. Ng3 Kg8
35. Bb6 Bxb6 36. axb6 Kf8 37. Bc6 Ke7 38. Bxb7 Nd7 39. Bxa6 Nxb6 40. Nf1 Kd8
41. Ne3 Kc7 42. Kf2 Na4 43. Bb5 Nc3 44. Bc4 Kb6 45. Ke1 Na4 46. Kd2 Kb7 47. Bb5
Nb6 48. Kc3 Ka7 49. Bc6 Ka6 50. Kb3 Ka7 51. b5 Kb8 52. Kb4 Kc7 53. Ka5 f6 54.
Ka6 Na4 55. Nc4 Kb8 56. Nxd6 Nc5+ 57. Kb6 Nb3 58. Nf7 1-0

[Event "XXXVII Olimpiadi femminile"]
[Site "Torino ITA"]
[Date "2006.06.02"]
[Round "11.1"]
[White "Johansson, Viktoria"]
[Black "Paehtz, Elisabeth"]
[Result "0-1"]
[WhiteElo "2222"]
[BlackElo "2438"]
[Annotator "SWE-GER"]
[PlyCount "110"]
[EventDate "2006.05.21"]

1. d4 e6 2. c4 b6 3. a3 Bb7 4. Nc3 f5 5. d5 Be7 6. g3 Bf6 7. Bd2 c6 8. dxe6
dxe6 9. Bg2 Nh6 10. Nh3 Nf7 11. O-O O-O 12. Qc2 Nd7 13. Rad1 Qc7 14. Bf4 Nde5
15. c5 Qe7 16. cxb6 axb6 17. Qb3 Ba6 18. Bc1 Rab8 19. Nf4 Bc4 20. Qc2 g6 21. b3
Ba6 22. Bb2 Rfe8 23. Rd2 g5 24. Nh5 Bh8 25. h3 Bb7 26. f4 gxf4 27. Nxf4 Qg5 28.
Kh2 Ng6 29. Nd1 Bxb2 30. Qxb2 c5 31. Rd7 Bxg2 32. Nxg2 Red8 33. h4 Qh6 34.
Rxd8+ Rxd8 35. Qf6 Nge5 36. Qxh6 Nxh6 37. Nde3 Rd2 38. Nf4 Rb2 39. Kh3 Rxb3 40.
Neg2 Kf7 41. Rd1 Ke7 42. Ra1 Nhg4 43. h5 Nf2+ 44. Kh2 Neg4+ 45. Kg1 Ne4 46. a4
Nxg3 47. a5 bxa5 48. Ne1 e5 49. Rxa5 exf4 50. Rxc5 Rb1 51. Rc7+ Kf6 52. Rxh7
Rxe1+ 53. Kg2 Rxe2+ 54. Kg1 Re1+ 55. Kg2 Ne3+ 0-1

[Event "XXXVII Olimpiadi femminile"]
[Site "Torino ITA"]
[Date "2006.06.02"]
[Round "11.2"]
[White "Kachiani-Gersinska, Ketino"]
[Black "Pavlovskaia, Evgenia"]
[Result "1/2-1/2"]
[WhiteElo "2421"]
[BlackElo "2182"]
[Annotator "SWE-GER"]
[PlyCount "64"]
[EventDate "2006.05.21"]

1. d4 d5 2. c4 e6 3. Nf3 Nf6 4. g3 dxc4 5. Bg2 c5 6. O-O Nc6 7. Ne5 Bd7 8. Na3
Rc8 9. Naxc4 b5 10. Nxc6 Bxc6 11. Bxc6+ Rxc6 12. Ne5 Rc8 13. Qb3 a6 14. a4 Qxd4
15. axb5 Qxe5 16. bxa6 Qd5 17. Qa4+ Qd7 18. a7 Qxa4 19. Rxa4 Ra8 20. Be3 Nd5
21. Bd2 Bd6 22. e4 Nb6 23. Ra6 Nc8 24. Rfa1 Ke7 25. Be3 Rd8 26. e5 Bxe5 27.
Bxc5+ Kf6 28. R1a4 Bxb2 29. Rf4+ Kg6 30. Rg4+ Kf5 31. Rf4+ Kg6 32. Rg4+ Kf5
1/2-1/2

[Event "XXXVII Olimpiadi femminile"]
[Site "Torino ITA"]
[Date "2006.06.02"]
[Round "11.3"]
[White "Jiretorn, Eva"]
[Black "Juergens, Vera"]
[Result "1/2-1/2"]
[WhiteElo "2117"]
[BlackElo "2330"]
[Annotator "SWE-GER"]
[PlyCount "142"]
[EventDate "2006.05.21"]

1. d4 Nf6 2. c4 e6 3. Nf3 d5 4. g3 Bb4+ 5. Bd2 Be7 6. Nc3 c6 7. Qc2 Nbd7 8. e4
dxc4 9. Bxc4 b5 10. Be2 Bb7 11. O-O Nb6 12. Rad1 b4 13. Nb1 O-O 14. h3 Rc8 15.
Be3 Qe8 16. Nbd2 c5 17. dxc5 Na4 18. Qb3 a5 19. c6 Bxc6 20. Rc1 Bd7 21. Rxc8
Qxc8 22. Ne5 Be8 23. f3 Bc5 24. Ndc4 Qc7 25. Kf2 Bxe3+ 26. Qxe3 Nxb2 27. Nxb2
Qxe5 28. Nc4 Qc7 29. Qb6 Qxb6+ 30. Nxb6 Bc6 31. Rc1 Bb7 32. Rc7 Rb8 33. Nc4 a4
34. Nd6 Ba8 35. Bc4 Ne8 36. Nxe8 Rxe8 37. Bb5 Rd8 38. Bxa4 g6 39. Ke3 Kg7 40.
Bb3 Kf8 41. Kf4 Re8 42. Ke5 Kg7 43. Kd4 g5 44. Kc5 h5 45. g4 hxg4 46. hxg4 Kf6
47. Kxb4 Rh8 48. Ba4 Kg6 49. Bb5 f5 50. exf5+ exf5 51. Bc6 Kf6 52. a4 Ke5 53.
Bxa8 fxg4 54. Rc5+ Kf4 55. Rc4+ Ke3 56. Rxg4 Rb8+ 57. Ka3 Rxa8 58. Rxg5 Kxf3
59. Kb4 Ke4 60. Rc5 Kd4 61. Rc7 Rb8+ 62. Ka5 Ra8+ 63. Kb5 Rb8+ 64. Ka6 Ra8+ 65.
Ra7 Rxa7+ 66. Kxa7 Kc5 67. a5 Kc6 68. Ka6 Kc7 69. Kb5 Kb7 70. a6+ Ka7 71. Ka5
Ka8 1/2-1/2

[Event "XXXVII Olimpiadi femminile"]
[Site "Torino ITA"]
[Date "2006.06.02"]
[Round "11.1"]
[White "Popova, Natalija"]
[Black "Fierro Baquero, Martha Lorena"]
[Result "1/2-1/2"]
[WhiteElo "2223"]
[BlackElo "2294"]
[Annotator "BLR-ECU"]
[PlyCount "109"]
[EventDate "2006.05.21"]

1. e4 g6 2. d4 Bg7 3. Nf3 d6 4. Nc3 Nf6 5. h3 O-O 6. Be3 c6 7. a4 Qc7 8. a5 e5
9. dxe5 dxe5 10. Bc4 Nbd7 11. O-O b5 12. axb6 Nxb6 13. Bb3 Bb7 14. Bc5 Rfd8 15.
Qe2 h6 16. Rfd1 Nh5 17. Qe3 Rxd1+ 18. Rxd1 Rd8 19. Ra1 Bc8 20. Kh2 Re8 21. Na4
Nxa4 22. Rxa4 a6 23. Bc4 Qb8 24. Rb4 Qc7 25. Ra4 Qb8 26. b4 Nf4 27. Bxa6 Bxa6
28. Rxa6 Qb5 29. Ra1 Qc4 30. g3 Ne6 31. Qd3 Qxd3 32. cxd3 Nxc5 33. bxc5 Rd8 34.
Ra6 Rxd3 35. Kg2 Rc3 36. Rxc6 Bf8 37. Nxe5 Rxc5 38. Rxc5 Bxc5 39. f4 h5 40. Kf3
Kg7 41. Nd7 Ba7 42. e5 Bg1 43. Ke4 Bf2 44. g4 hxg4 45. hxg4 Bg1 46. Kd5 Be3 47.
f5 gxf5 48. gxf5 Bc1 49. Kd6 Ba3+ 50. Kd5 Bb4 51. Kc6 Bc3 52. Kc7 Bxe5+ 53.
Nxe5 Kf6 54. Kd6 Kxf5 55. Nxf7 1/2-1/2